000 00698cab a2200241 4500
001 ABS49427
008 090401t xxu||||| |||| 00| 0 eng d
035 _a(Sirsi) u71192
041 _aeng
100 _aHughes, M.J.
245 _aWeathertightness : a physicist`s view
260 _c12(1) 1993/1994, 7-10(4)
350 _a0
490 _aStructural Survey
_v12(1) 1993/1994, 7-10(4)
520 _aDescribes how gravity can be used to help keep a building waethertight. References.
650 _aFACE SEALED JOINTS
650 _aOPEN DRAINED JOINT
650 _aSHELTERING
650 _aWEATHER
690 _aBUILT ENVIRONMENT-CONSTRUCTION DESIGN
942 _n0
948 _c04/03/1997
999 _c44849
_d44849